Acquisti più costosi - Eredivisie - Statistics

Statistiche generali
  • Questo quiz è stato fatto 9 volte
  • Il punteggio medio è 9 su 21
Statistiche sulle risposte
Costo (M €) Da A Nazione Anno Calciatore % Corretto
15,75 San Paolo Ajax Brasile 2020 Antony
88%
17,40 San Paolo Ajax Brasile 2017 David Neres
88%
13,70 Southampton Ajax Serbia 2018 Dusan Tadić
88%
22,50 West Ham Utd Ajax Francia/Costa d'Avorio 2021 Sebastien Haller
88%
31,25 Tottenham Ajax Paesi Bassi 2022 Steven Bergwijn
88%
16 Manchester United Ajax Paesi Bassi 2018 Daley Blind
75%
15 CF América Ajax Messico 2019 Edson Álvarez
75%
12,50 Puchuca PSV Messico 2017 Hirving Lozano
63%
12 Red Bull Lipsia PSV Guinea-Bissau/Portogallo 2019 Bruma
50%
11 FC Twente Ajax Marocco 2016 Hakim Ziyech
50%
16,35 Red Bull Lipsia Ajax Paesi Bassi 2022 Brain Brobbey
38%
23 Glasgow Rangers Ajax Nigeria 2022 Calvin Bassey
25%
10 Vélez Sarsfield PSV Argentina 2018 Maximiliano Romero
25%
16,25 Heerenveen Ajax Serbia 2008 Miralem Sulejmani
13%
15,70 Siviglia Ajax Paesi Bassi 2019 Quincy Promes
13%
12,50 Standard Liegi Ajax Romania 2019 Razvan Marin
13%
11,70 Werder Brema Ajax Paesi Bassi 2020 Davy Klaassen
0%
14 Partizan Belgrado PSV Serbia 2000 Mateja Kezman
0%
12 FC Copenhagen Ajax Danimarca 2021 Mohamed Daramy
0%
10 AZ Alkmaar Ajax Pesi Bassi 2022 Owen Wijndal
0%
10 Stoccarda PSV Germania 2019 Timo Baumgartl
0%
Nessun quiz corrispondente trovato
Distribuzione punteggi
Percentuale di utenti per punteggio
Percentile per numero di risposta
I tuoi punteggi nel tempo
Non hai fatto questo quiz